000 00629nam a2200253 a 4500
003 AR-BaBNM
005 20251128210444.0
008 082120s2002 ||||||||||||||000 | spa||
020 _a950-609-009-2
040 _cAR-BaBNM
100 1 _aAgüero, Antonio Esteban
245 0 0 _aObras completas
_n3
260 _aSan Luis
_bUniversitaria San Luis
_c1993
300 _a358 p.
490 0 _aLetras puntanas
650 4 _aLITERATURA ARGENTINA
650 4 _aESCRITORES
650 4 _aIDENTIDAD CULTURAL
650 4 _aANTOLOGIAS
653 _aINFLUENCIA CLASICA
655 _aLITERATURA
942 _cBK
998 _cMARTIN
999 _c15533
_d15533